[Event "2BLN 2122 Hamburger SK II - SC Rotation"]
[Site "?"]
[Date "2022.04.30"]
[Round "3.4"]
[White "Roebers, Eline"]
[Black "Neumeier, Lars"]
[Result "1-0"]
[WhiteElo "2356"]
[BlackElo "2312"]
[PlyCount "79"]
[EventDate "2022.??.??"]

1. e4 c5 2. Nf3 e6 3. d4 cxd4 4. Nxd4 a6 5. Bd3 Nc6 6. Nxc6 dxc6 7. O-O e5 8.
Nd2 Qc7 9. a4 Be6 10. Nc4 Rd8 11. Qe2 Bc5 12. Kh1 b5 13. Ne3 Nf6 14. f4 exf4
15. Nf5 Bxf5 16. exf5+ Qe7 17. Qf3 Nd5 18. Bxf4 O-O 19. Rae1 Qd7 20. f6 g6 21.
Be5 Rfe8 22. Qg3 Nb4 23. Bf5 Qd2 24. Bc3 Qd6 25. Be5 Qd2 26. Bf4 Qd5 27. Bc7
Rxe1 28. Rxe1 Ra8 29. Be4 Qh5 30. Bb8 Bf8 31. Bf3 Qf5 32. Re8 Qd7 33. Rxf8+
Kxf8 34. Bd6+ Kg8 35. Bxb4 Rd8 36. h3 Qd4 37. Bc3 Qc4 38. Qc7 Rf8 39. Qxc6 Qf4
40. Qe4 1-0

[Event "2BLN 2122 Hamburger SK II - SC Rotation"]
[Site "?"]
[Date "2022.04.30"]
[Round "3.5"]
[White "Seils, Joerg"]
[Black "Colpe, Malte"]
[Result "1/2-1/2"]
[WhiteElo "2323"]
[BlackElo "2349"]
[PlyCount "88"]
[EventDate "2022.??.??"]

1. e4 c5 2. Nf3 d6 3. Bb5+ Nd7 4. O-O a6 5. Bxd7+ Qxd7 6. Re1 Nf6 7. c3 e6 8.
d4 Be7 9. Bg5 h6 10. Bh4 b5 11. e5 dxe5 12. dxe5 Qxd1 13. Rxd1 Nd7 14. Bxe7
Kxe7 15. Nbd2 Bb7 16. b3 Rhd8 17. Kf1 g5 18. h3 Nb6 19. Rac1 a5 20. c4 bxc4 21.
bxc4 Ba6 22. Ke1 a4 23. Rc3 Rab8 24. Rb1 Nd7 25. Rcc1 Bb7 26. Rb2 Bxf3 27. Rxb8
Rxb8 28. Nxf3 Rb2 29. a3 Rb3 30. Ra1 Nb6 31. Nd2 Rc3 32. Rb1 Nxc4 33. Rb7+ Kf8
34. Nxc4 Rxc4 35. Kd2 h5 36. Ra7 Kg7 37. Kd3 Rd4+ 38. Ke3 Rc4 39. Kd3 Rd4+ 40.
Ke3 Kg6 41. Ra5 Rc4 42. Kd3 Rf4 43. Ke3 Rc4 44. Kd3 Rf4 1/2-1/2

[Event "2BLN 2122 Hamburger SK II - SC Rotation"]
[Site "?"]
[Date "2022.04.30"]
[Round "3.6"]
[White "Woelk, Tom-Frederic"]
[Black "Mueller, Michael"]
[Result "1/2-1/2"]
[WhiteElo "2316"]
[BlackElo "2241"]
[PlyCount "87"]
[EventDate "2022.??.??"]

1. d4 Nf6 2. c4 e6 3. Nc3 d5 4. cxd5 exd5 5. Bg5 c6 6. Qc2 Nbd7 7. e3 Be7 8.
Bd3 O-O 9. Nge2 Re8 10. O-O Nf8 11. f3 h6 12. Bh4 Ne6 13. Rad1 Bd7 14. e4 dxe4
15. fxe4 Ng4 16. Bxe7 Qxe7 17. Qd2 Qg5 18. Qxg5 Nxg5 19. Rd2 Re7 20. h3 Nf6 21.
Ng3 Be6 22. h4 Ngh7 23. d5 cxd5 24. exd5 Bg4 25. d6 Re5 26. Nf5 Rd8 27. Rf4
Bxf5 28. Bxf5 Nf8 29. Bh3 Ne6 30. Ra4 a6 31. Rb4 Rd7 32. Rc4 Rd8 33. b4 g5 34.
hxg5 hxg5 35. g3 Re3 36. Bf5 Re5 37. g4 Kf8 38. Rc7 Ne8 39. Ne4 Rxe4 40. Bxe4
Nxd6 41. Rxd6 Rxd6 42. Rxb7 Rd1+ 43. Kf2 Rd2+ 44. Ke3 {(=)} 1/2-1/2

[Event "2BLN 2122 Hamburger SK II - SC Rotation"]
[Site "?"]
[Date "2022.04.30"]
[Round "3.7"]
[White "Guth, Thomas"]
[Black "Hommer, Jeremy"]
[Result "1/2-1/2"]
[WhiteElo "2257"]
[BlackElo "2226"]
[PlyCount "103"]
[EventDate "2022.??.??"]

1. e4 c6 2. d4 d5 3. Nc3 dxe4 4. Nxe4 Nf6 5. Ng3 h5 6. h4 Bg4 7. Qd3 g6 8. N1e2
Bxe2 9. Bxe2 Bg7 10. Bg5 Nbd7 11. O-O-O Qa5 12. Qb3 Qb6 13. Qxb6 axb6 14. Kb1
b5 15. Rhe1 O-O 16. Bf3 e6 17. Ne4 Nxe4 18. Bxe4 Ra4 19. c3 Bf6 20. Bc2 Raa8
21. Bh6 Rfd8 22. Rh1 Kh7 23. Bc1 Kg7 24. f3 Rh8 25. Be3 Nb6 26. Bf2 Nd5 27. g4
Bd8 28. g5 Bc7 29. Rhe1 Rhe8 30. Re4 Rad8 31. Be1 Ne7 32. b3 Nf5 33. Re2 Bf4
34. Bf2 Re7 35. Re4 Bb8 36. Rde1 Red7 37. a3 b6 38. R4e2 Ng3 39. Bxg3 Bxg3 40.
Rg1 Bd6 41. b4 c5 42. Re4 cxb4 43. cxb4 Bb8 44. Rd1 e5 45. d5 Rxd5 46. Rxd5
Rxd5 47. Re2 Rd4 48. Be4 Bc7 49. Kc2 Bd8 50. Rg2 Rd6 51. Bd3 Rd4 52. Be4
1/2-1/2

[Event "2BLN 2122 Hamburger SK II - SC Rotation"]
[Site "?"]
[Date "2022.04.30"]
[Round "3.8"]
[White "Peyrer, Konstantin"]
[Black "Bruchmann, Stephan"]
[Result "1-0"]
[WhiteElo "2407"]
[BlackElo "2209"]
[PlyCount "97"]
[EventDate "2022.??.??"]

1. d4 d5 2. Nf3 Nf6 3. g3 c6 4. Bg2 Nbd7 5. O-O g6 6. a4 a5 7. b3 Bg7 8. c4 O-O
9. cxd5 Nxd5 10. e4 Nb4 11. Nc3 Nc5 12. Be3 Bg4 13. h3 Bxf3 14. Bxf3 Ne6 15. e5
f5 16. Qe2 Nc7 17. Qc4+ e6 18. Na2 Nbd5 19. Bd2 Qd7 20. Rac1 Rfc8 21. Rc2 Bf8
22. h4 Be7 23. Nc1 Rd8 24. Bh6 Nb6 25. Qe2 Nbd5 26. Rd1 Nb4 27. Rc4 Ncd5 28.
Nd3 Nxd3 29. Qxd3 Qe8 30. Kg2 Qf7 31. Qd2 Rd7 32. h5 Bf8 33. hxg6 hxg6 34. Rh1
Bxh6 35. Rxh6 Ne7 36. Rc1 Qg7 37. Qg5 Rf8 38. Rch1 Rf7 39. Qh4 Kf8 40. Rh8+ Ng8
41. Qf4 g5 42. Qc1 g4 43. Be2 f4 44. gxf4 Qg6 45. Qe3 Rg7 46. Bd3 Qe8 47. f5
exf5 48. Qh6 Rxd4 49. e6 1-0

[Event "2BLN 2122 SK Norderstedt - SF Berlin II"]
[Site "?"]
[Date "2022.04.30"]
[Round "3.1"]
[White "Schmidek, Emil"]
[Black "Barski, Radoslaw"]
[Result "1/2-1/2"]
[WhiteElo "2383"]
[BlackElo "2434"]
[PlyCount "132"]
[EventDate "2022.??.??"]

1. d4 d5 2. c4 e6 3. Nc3 Nf6 4. cxd5 exd5 5. Bg5 c6 6. e3 Bd6 7. Bd3 O-O 8. Bh4
Re8 9. Qc2 h6 10. Nge2 a5 11. a3 Nbd7 12. h3 Nf8 13. O-O Ne6 14. Rae1 Bd7 15.
f3 Ng5 16. Bxg5 hxg5 17. e4 c5 18. Nb5 Bf8 19. dxc5 Rc8 20. b4 axb4 21. axb4 b6
22. Na7 Ra8 23. Ra1 bxc5 24. bxc5 g4 25. c6 Rxa7 26. Rxa7 Qb6+ 27. Kh1 Qxa7 28.
cxd7 Qxd7 29. e5 Rxe5 30. hxg4 Bd6 31. g3 Re8 32. Kg2 g6 33. Nd4 Rc8 34. Qd2
Qa4 35. Nf5 Bf8 36. Qg5 Nh7 37. Nh6+ Bxh6 38. Qxh6 Qd4 39. Rd1 Qb2+ 40. Kh3 Qb3
41. Qd2 Ra8 42. Rc1 Ng5+ 43. Qxg5 Qxd3 44. Qf6 Qd2 45. Rc7 Qh6+ 46. Qh4 Qg7 47.
Rd7 Qa1 48. Rd8+ Rxd8 49. Qxd8+ Kg7 50. g5 Qe5 51. f4 Qe6+ 52. Kg2 Qe4+ 53. Kf2
d4 54. Qf6+ Kg8 55. Qd8+ Kh7 56. Qf6 Qe3+ 57. Kf1 Qf3+ 58. Ke1 Qxg3+ 59. Kd2
Qc3+ 60. Kd1 Qb3+ 61. Kd2 Qc4 62. Kd1 d3 63. Kd2 Qd5 64. Qe5 Qb3 65. Qc3 Qa4
66. Ke3 Qe8+ 1/2-1/2

[Event "2BLN 2122 SK Norderstedt - SF Berlin II"]
[Site "?"]
[Date "2022.04.30"]
[Round "3.2"]
[White "Trent, Lawrence"]
[Black "Agopov, Mikael"]
[Result "1-0"]
[WhiteElo "2398"]
[BlackElo "2444"]
[PlyCount "57"]
[EventDate "2022.??.??"]

1. Nc3 d5 2. d4 Nf6 3. Bf4 c5 4. e4 e6 5. exd5 exd5 6. Nf3 Be7 7. Bb5+ Bd7 8.
O-O a6 9. Be2 c4 10. Ne5 Be6 11. Bf3 b5 12. Re1 O-O 13. a3 Ra7 14. Re3 Qb6 15.
g4 Rd8 16. g5 Ne4 17. Nxe4 dxe4 18. Bxe4 Rxd4 19. Bxh7+ Kxh7 20. Qh5+ Kg8 21.
Rh3 Bxh3 22. Qxf7+ Kh8 23. Qe8+ Bf8 24. Qxf8+ Kh7 25. g6+ Qxg6+ 26. Nxg6 Rad7
27. Qh8+ Kxg6 28. Qxh3 Rxf4 29. Kh1 1-0

[Event "2BLN 2122 SK Norderstedt - SF Berlin II"]
[Site "?"]
[Date "2022.04.30"]
[Round "3.5"]
[White "Florstedt, Johannes"]
[Black "Kopylov, Michael"]
[Result "1-0"]
[WhiteElo "2316"]
[BlackElo "2378"]
[PlyCount "47"]
[EventDate "2022.??.??"]

1. e4 Nf6 2. e5 Nd5 3. d4 d6 4. c4 Nb6 5. f4 dxe5 6. fxe5 Nc6 7. Be3 Bf5 8. Nc3
e6 9. Nf3 Bb4 10. Be2 O-O 11. O-O Na5 12. c5 Bxc3 13. cxb6 Bxb2 14. Rb1 Bxb1
15. Qxb1 Bxd4 16. Bxd4 axb6 17. Be3 Nc6 18. Ng5 g6 19. Qe4 Rxa2 20. Qh4 h5 21.
Bxh5 gxh5 22. Qe4 Rxg2+ 23. Qxg2 Qd5 24. Qc2 1-0

[Event "2BLN 2122 SK Norderstedt - SF Berlin II"]
[Site "?"]
[Date "2022.04.30"]
[Round "3.8"]
[White "Zierke, Oliver"]
[Black "Lundin, Jan"]
[Result "1-0"]
[WhiteElo "2227"]
[BlackElo "2192"]
[PlyCount "61"]
[EventDate "2022.??.??"]

1. d4 Nf6 2. Nf3 c5 3. d5 e6 4. Nc3 b5 5. dxe6 fxe6 6. Nxb5 d5 7. e3 Be7 8. Be2
O-O 9. O-O a6 10. Na3 Nc6 11. c4 Ra7 12. b3 Bd6 13. Bb2 Bb8 14. Nb1 Qd6 15. g3
Rd7 16. Nbd2 d4 17. exd4 cxd4 18. Bd3 Nb4 19. Ne4 Nxe4 20. Bxe4 e5 21. a3 Nc6
22. Ng5 h6 23. Bd5+ Kh8 24. Qh5 Nd8 25. f4 exf4 26. Bxd4 Bb7 27. Ne4 Qxd5 28.
cxd5 Bxd5 29. Nc5 Rd6 30. Be5 Bf7 31. Qh4 1-0

[Event "2BLN 2122 SV Werder Bremen II - SK Kirc"]
[Site "?"]
[Date "2022.04.30"]
[Round "3.1"]
[White "Ivic, Velimir"]
[Black "Reuker, Jari"]
[Result "1-0"]
[WhiteElo "2625"]
[BlackElo "2435"]
[PlyCount "93"]
[EventDate "2022.??.??"]

1. e4 e5 2. Nf3 Nc6 3. Bb5 Nf6 4. d3 Bc5 5. c3 O-O 6. O-O d6 7. h3 a6 8. Ba4 b5
9. Bb3 h6 10. Re1 Bb6 11. Nbd2 Ne7 12. Nf1 Ng6 13. Ng3 Re8 14. a4 Bb7 15. Nh2
d5 16. Ng4 Kh7 17. Qf3 Nxg4 18. hxg4 Nh4 19. Qe2 Kg8 20. Be3 d4 21. Bd2 dxc3
22. bxc3 Ng6 23. Qf3 Rf8 24. Nf5 Bc8 25. axb5 Be6 26. Ba4 Bc4 27. Bxh6 Qxd3 28.
Qxd3 Bxd3 29. Bxg7 Rfb8 30. Bb3 axb5 31. Rad1 Bc4 32. Bxc4 bxc4 33. g3 Ra2 34.
Rf1 Rc2 35. Bf6 Rxc3 36. Kg2 Ra8 37. Nh6+ Kh7 38. Rd7 Nh4+ 39. gxh4 Kxh6 40.
Bxe5 Rc2 41. Rxf7 Re8 42. Bxc7 Bxc7 43. Rxc7 Rxe4 44. Kg3 Rc3+ 45. f3 Ree3 46.
g5+ Kh5 47. Rc6 1-0

[Event "2BLN 2122 SV Werder Bremen II - SK Kirc"]
[Site "?"]
[Date "2022.04.30"]
[Round "3.2"]
[White "Carlstedt, Jonathan"]
[Black "Stevic, Hrvoje"]
[Result "1/2-1/2"]
[WhiteElo "2444"]
[BlackElo "2581"]
[PlyCount "50"]
[EventDate "2022.??.??"]

1. d4 d5 2. Nf3 Nf6 3. Bf4 e6 4. Nbd2 Bd6 5. e3 O-O 6. Bd3 b6 7. Qe2 Bb7 8. O-O
Ne4 9. Rfd1 Nd7 10. Rac1 Qe7 11. Bxd6 cxd6 12. c4 Nxd2 13. Rxd2 Rac8 14. Rdc2
e5 15. Bf5 dxc4 16. dxe5 dxe5 17. Rd2 Rc7 18. Rxd7 Rxd7 19. Bxd7 Bxf3 20. gxf3
Qxd7 21. Qxc4 h6 22. Qe4 Re8 23. Rc6 Re7 24. Kg2 g6 25. b4 Kg7 1/2-1/2

[Event "2BLN 2122 SV Werder Bremen II - SK Kirc"]
[Site "?"]
[Date "2022.04.30"]
[Round "3.3"]
[White "Brkic, Ante"]
[Black "Meins, Gerlef"]
[Result "1-0"]
[WhiteElo "2611"]
[BlackElo "2417"]
[PlyCount "83"]
[EventDate "2022.??.??"]

1. e4 c5 2. Nf3 Nc6 3. Bb5 g6 4. O-O Bg7 5. c3 Nf6 6. Re1 O-O 7. d4 d5 8. e5
Ne4 9. Be3 cxd4 10. cxd4 Bd7 11. Bf1 Rc8 12. Nc3 Nxc3 13. bxc3 Na5 14. Qd2 Bg4
15. Nh4 Nc4 16. Bxc4 Rxc4 17. Bg5 Qc7 18. h3 Be6 19. Nf3 Rc8 20. Qf4 Rxc3 21.
Qh4 Re8 22. Bd2 Rc6 23. Ng5 h6 24. Nxe6 Rxe6 25. Bxh6 Bxh6 26. Qxh6 Rc8 27. Re3
Qd8 28. h4 Qf8 29. Qf4 Rc4 30. Rg3 Qg7 31. h5 Qh7 32. Rg5 Kf8 33. Rb1 b6 34.
Rb5 gxh5 35. Rxd5 Rc8 36. Rd7 Rg6 37. Qh4 Rxg5 38. Qxg5 Re8 39. Rxa7 Qe4 40.
Qxh5 Kg7 41. Qg5+ Kh8 42. Ra3 1-0

[Event "2BLN 2122 SV Werder Bremen II - SK Kirc"]
[Site "?"]
[Date "2022.04.30"]
[Round "3.4"]
[White "Wachinger, Nikolas"]
[Black "Jovanovic, Zoran"]
[Result "1-0"]
[WhiteElo "2369"]
[BlackElo "2524"]
[PlyCount "99"]
[EventDate "2022.??.??"]

1. e4 d6 2. d4 Nf6 3. Nc3 e5 4. Nf3 Nbd7 5. Bc4 Be7 6. a4 O-O 7. O-O exd4 8.
Qxd4 Nc5 9. h3 Be6 10. Rd1 Nfd7 11. Bxe6 Nxe6 12. Qc4 c6 13. Be3 Re8 14. a5 Qc7
15. Nd4 Nxd4 16. Bxd4 Qc8 17. b4 a6 18. Na4 Bf8 19. Qd3 Qd8 20. c4 Qh4 21. Nc3
Ne5 22. Qe2 Re6 23. c5 Ng6 24. Qg4 Rae8 25. Qxh4 Nxh4 26. Be3 h6 27. g3 Nf3+
28. Kg2 Ne5 29. f4 Nc4 30. Bf2 d5 31. exd5 Ne3+ 32. Bxe3 Rxe3 33. Rac1 cxd5 34.
Rxd5 g5 35. Rf5 Bg7 36. Nd5 Rb3 37. fxg5 Re2+ 38. Rf2 Rxf2+ 39. Kxf2 hxg5 40.
c6 bxc6 41. Rxc6 Bd4+ 42. Kg2 Be5 43. g4 Kf8 44. Rxa6 Ke8 45. Ra7 Bd4 46. Rb7
Ra3 47. a6 Kd8 48. b5 f6 49. Nb6 Bc5 50. a7 1-0

[Event "2BLN 2122 SV Werder Bremen II - SK Kirc"]
[Site "?"]
[Date "2022.04.30"]
[Round "3.5"]
[White "Kovacevic, Aleksandar"]
[Black "Joachim, Sven"]
[Result "1/2-1/2"]
[WhiteElo "2503"]
[BlackElo "2396"]
[PlyCount "76"]
[EventDate "2022.??.??"]

1. e4 e5 2. Nf3 Nc6 3. Bb5 a6 4. Ba4 Nf6 5. O-O Be7 6. d3 b5 7. Bb3 d6 8. a3
Na5 9. Ba2 c5 10. Nc3 Be6 11. Bg5 O-O 12. Bxf6 Bxf6 13. Nd5 Nc6 14. c3 g6 15.
b4 Rc8 16. Qd2 Bxd5 17. Bxd5 Ne7 18. c4 Nxd5 19. cxd5 Qb6 20. Rfc1 Rc7 21. Qe3
Rfc8 22. g3 Qb7 23. Kg2 Kg7 24. Rab1 c4 25. dxc4 Rxc4 26. Rxc4 Rxc4 27. Rc1 Qc7
28. Rxc4 Qxc4 29. h4 h5 30. Qb6 Qxe4 31. Qxd6 Qf5 32. Qc5 e4 33. Nd4 Qg4 34. d6
Bxh4 35. d7 Qxd7 36. gxh4 Qg4+ 37. Kf1 Qd1+ 38. Kg2 Qg4+ 1/2-1/2

[Event "2BLN 2122 SV Werder Bremen II - SK Kirc"]
[Site "?"]
[Date "2022.04.30"]
[Round "3.6"]
[White "Breutigam, Martin"]
[Black "Palac, Mladen"]
[Result "1/2-1/2"]
[WhiteElo "2380"]
[BlackElo "2501"]
[PlyCount "62"]
[EventDate "2022.??.??"]

1. e4 c5 2. c3 Nf6 3. e5 Nd5 4. Nf3 Nc6 5. Bc4 Nb6 6. Bb3 d5 7. exd6 Qxd6 8.
O-O Be6 9. Bxe6 Qxe6 10. a4 Qd7 11. a5 Nd5 12. a6 b6 13. d4 cxd4 14. Nxd4 e6
15. Nxc6 Qxc6 16. Qg4 Nf6 17. Qe2 Bc5 18. Na3 Bxa3 19. Rxa3 Rc8 20. Be3 O-O 21.
Bd4 Nd5 22. Qg4 f6 23. c4 Qxc4 24. Qxe6+ Kh8 25. Be3 Rfe8 26. Qd7 Rcd8 27. Qf5
Nxe3 28. fxe3 Rd2 29. Rc3 Qxa6 30. Rc7 Qe2 31. Rxg7 Qxe3+ 1/2-1/2

[Event "2BLN 2122 SV Werder Bremen II - SK Kirc"]
[Site "?"]
[Date "2022.04.30"]
[Round "3.7"]
[White "Zelcic, Robert"]
[Black "Richter, Christian"]
[Result "1-0"]
[WhiteElo "2515"]
[BlackElo "2352"]
[PlyCount "59"]
[EventDate "2022.??.??"]

1. e4 e5 2. Nf3 Nc6 3. Bb5 a6 4. Ba4 d6 5. O-O Bd7 6. c4 g6 7. d4 Bg7 8. Bg5
Nge7 9. Nc3 h6 10. Be3 O-O 11. Qd2 exd4 12. Nxd4 Nxd4 13. Bxd4 Bxa4 14. Nxa4
Qd7 15. Nc3 Qe6 16. b3 Bxd4 17. Qxd4 Qe5 18. Qd2 Qg7 19. f4 f6 20. Nd5 Nc6 21.
b4 Rf7 22. b5 Na7 23. bxa6 c6 24. Nb4 Qf8 25. Rfd1 c5 26. axb7 Rxb7 27. Nd5 Kg7
28. e5 dxe5 29. fxe5 f5 30. g4 1-0

[Event "2BLN 2122 SV Werder Bremen II - SK Kirc"]
[Site "?"]
[Date "2022.04.30"]
[Round "3.8"]
[White "Ewert, Hannes"]
[Black "Saric, Sinisa"]
[Result "1-0"]
[WhiteElo "2273"]
[BlackElo "2414"]
[PlyCount "67"]
[EventDate "2022.??.??"]

1. d4 Nf6 2. Nf3 g6 3. g3 b6 4. Bg2 Bb7 5. c4 Bg7 6. O-O O-O 7. d5 Na6 8. Nc3
Nc5 9. Re1 e6 10. e4 d6 11. Qc2 Re8 12. Bg5 h6 13. Bd2 c6 14. dxc6 Bxc6 15.
Rad1 e5 16. b4 Ne6 17. Qd3 Qb8 18. Nd5 Nd7 19. Be3 b5 20. Nc3 bxc4 21. Qxd6 Nd4
22. Qxb8 Raxb8 23. Nxd4 exd4 24. Bxd4 Rxb4 25. f4 Bxd4+ 26. Rxd4 Nb6 27. e5
Bxg2 28. Kxg2 Kf8 29. Red1 Rc8 30. Kf3 Na4 31. Nd5 Rbb8 32. Rc1 Nb6 33. Nxb6
Rxb6 34. Rdxc4 1-0

[Event "2BLN 2122 FC St. Pauli - SV Lingen"]
[Site "?"]
[Date "2022.04.30"]
[Round "3.1"]
[White "Kollen, Zyon"]
[Black "Feuerstack, Aljoscha"]
[Result "1-0"]
[WhiteElo "2376"]
[BlackElo "2488"]
[PlyCount "95"]
[EventDate "2022.??.??"]

1. e4 e5 2. Nf3 Nf6 3. Nxe5 d6 4. Nf3 Nxe4 5. Nc3 Nxc3 6. dxc3 Be7 7. Be3 O-O
8. Qd2 Nd7 9. O-O-O Nf6 10. Bd3 c5 11. Rhe1 Be6 12. Kb1 Qa5 13. c4 Qxd2 14.
Nxd2 Rfe8 15. h3 Rad8 16. Ne4 b6 17. Bf4 h6 18. Ng3 d5 19. Nf5 Bf8 20. cxd5
Nxd5 21. Bd2 Nb4 22. Bxb4 cxb4 23. Bb5 Rxd1+ 24. Rxd1 Rc8 25. Nd4 Bd5 26. f3
Bb7 27. Bd7 Rc5 28. Rd2 Re5 29. Kc1 Bc5 30. Kd1 Rg5 31. h4 Rh5 32. Nb3 Rxh4 33.
Nxc5 bxc5 34. Bb5 a6 35. Rd8+ Kh7 36. Bd3+ g6 37. Rd7 c4 38. Rxf7+ Kg8 39. Bxg6
Bd5 40. Rd7 Bc6 41. Rc7 Bb5 42. Be4 Rh5 43. Kd2 Kf8 44. Ke3 Rh1 45. f4 Rb1 46.
f5 Rxb2 47. f6 b3 48. Bg6 1-0

[Event "2BLN 2122 FC St. Pauli - SV Lingen"]
[Site "?"]
[Date "2022.04.30"]
[Round "3.2"]
[White "Socko, Bartosz"]
[Black "Milanovic, Danilo"]
[Result "1-0"]
[WhiteElo "2636"]
[BlackElo "2406"]
[PlyCount "99"]
[EventDate "2022.??.??"]

1. d4 Nf6 2. c4 c5 3. d5 b5 4. cxb5 a6 5. e3 axb5 6. Bxb5 Qa5+ 7. Nc3 Bb7 8.
Bd2 Qb6 9. Nf3 Nxd5 10. a4 e6 11. O-O Nb4 12. e4 Be7 13. Ne5 Qd8 14. Qg4 O-O
15. Rad1 N4c6 16. Bh6 Bf6 17. Nc4 Kh8 18. Bf4 Nd4 19. Nd6 Qb6 20. Nxb7 Qxb7 21.
Bd6 Rc8 22. e5 Bd8 23. Bd3 Nbc6 24. Ne4 Qxb2 25. Rd2 Qb6 26. Qf4 Nf5 27. g4 Nh6
28. Nxc5 Be7 29. Rb1 Qd8 30. Qe4 g6 31. Rb7 Bxd6 32. exd6 Qg5 33. Qe3 Qxg4+ 34.
Kh1 Nf5 35. Bxf5 Qxf5 36. Rxd7 Rcb8 37. Rc7 Ne5 38. d7 Kg8 39. Nb7 Ng4 40. Qc3
Nxf2+ 41. Rxf2 Qxf2 42. Rc8+ Rxc8 43. dxc8=R+ Rxc8 44. Qxc8+ Kg7 45. Qc3+ Kg8
46. Qd3 e5 47. Nd6 Qe1+ 48. Kg2 f5 49. Nxf5 gxf5 50. Qg3+ 1-0

[Event "2BLN 2122 FC St. Pauli - SV Lingen"]
[Site "?"]
[Date "2022.04.30"]
[Round "3.3"]
[White "Gutman, Lev"]
[Black "Krause, Benedict"]
[Result "1-0"]
[WhiteElo "2365"]
[BlackElo "2420"]
[PlyCount "79"]
[EventDate "2022.??.??"]

1. Nf3 Nf6 2. g3 g6 3. b3 Bg7 4. Bb2 c5 5. Bg2 d5 6. O-O O-O 7. c4 d4 8. e3 Nc6
9. exd4 cxd4 10. Re1 Nd7 11. d3 Nc5 12. Ba3 Qb6 13. Bxc5 Qxc5 14. a3 a5 15. b4
Qd6 16. b5 Nd8 17. Nbd2 Ne6 18. Ne4 Qb6 19. Nfg5 Nxg5 20. Nxg5 h6 21. Ne4 Bf5
22. Qf3 Rac8 23. Nd2 Rc7 24. a4 Qd6 25. g4 Bc8 26. Ne4 Qd8 27. Rac1 b6 28. c5
f5 29. gxf5 gxf5 30. Ng3 Rxc5 31. Rxc5 bxc5 32. Qd5+ e6 33. Qxc5 f4 34. Ne4 f3
35. Bf1 Qh4 36. Ng3 e5 37. Qd5+ Kh8 38. Qe4 Rf4 39. Qg6 Qe7 40. Rc1 1-0

[Event "2BLN 2122 FC St. Pauli - SV Lingen"]
[Site "?"]
[Date "2022.04.30"]
[Round "3.4"]
[White "Socko, Monika"]
[Black "Miletic, Vuk"]
[Result "1-0"]
[WhiteElo "2395"]
[BlackElo "2207"]
[PlyCount "157"]
[EventDate "2022.??.??"]

1. d4 d5 2. c4 e6 3. g3 Nf6 4. Bg2 Be7 5. Nf3 O-O 6. O-O dxc4 7. Ne5 Qd6 8.
Nxc4 Qa6 9. Qc2 Nc6 10. e3 Nb4 11. Qb3 Bd7 12. Nc3 c5 13. Ne5 Be8 14. dxc5 Bxc5
15. Rd1 Nc6 16. Bf1 Qa5 17. Nc4 Qc7 18. Bd2 Rd8 19. Rac1 Be7 20. Bg2 Qb8 21. a4
Nb4 22. Ra1 Bc6 23. e4 Bc5 24. Bf4 Rxd1+ 25. Rxd1 Qa8 26. Ne5 Qc8 27. Nxc6 Nxc6
28. h3 Nd4 29. Qc4 e5 30. Be3 Ne6 31. Nd5 Nxd5 32. exd5 Bxe3 33. Qxc8 Rxc8 34.
dxe6 Bd4 35. Bxb7 Rc7 36. exf7+ Kxf7 37. Bd5+ Ke7 38. Rd2 Rc1+ 39. Kg2 Rb1 40.
b3 h6 41. Rd3 Kd6 42. Ba8 Rb2 43. Rf3 a5 44. h4 Rc2 45. Be4 Re2 46. Bg6 Rb2 47.
Bh7 Ke7 48. Bg8 Kd6 49. Rf8 Bb6 50. Bh7 Ke7 51. Rf3 Bd4 52. g4 Rd2 53. Bg6 Ke6
54. Kg3 Re2 55. Bd3 Rd2 56. Bc4+ Kd6 57. Rf5 Rc2 58. g5 hxg5 59. hxg5 Rc1 60.
Kg4 Rh1 61. Rf7 e4 62. Rf5 Be5 63. f4 exf3 64. Rxf3 Rh8 65. Rd3+ Ke7 66. Kf5
Bb2 67. Re3+ Kd8 68. Kg6 Re8 69. Rd3+ Kc7 70. Rd2 Ba1 71. Kf7 Rd8 72. Rc2 Rd7+
73. Kg8 Rd8+ 74. Kh7 Rd6 75. Rf2 Rd7 76. Rf5 Bc3 77. Bb5 g6+ 78. Bxd7 gxf5 79.
Bxf5 1-0

[Event "2BLN 2122 FC St. Pauli - SV Lingen"]
[Site "?"]
[Date "2022.04.30"]
[Round "3.5"]
[White "Stankovic, Dimitrije"]
[Black "Sawatzki, Frank"]
[Result "1/2-1/2"]
[WhiteElo "2100"]
[BlackElo "2378"]
[PlyCount "60"]
[EventDate "2022.??.??"]

1. e4 c5 2. Nf3 Nc6 3. d4 cxd4 4. Nxd4 e6 5. Nc3 Qc7 6. Be3 a6 7. Qd2 Nf6 8.
O-O-O Be7 9. f3 b5 10. Kb1 Bb7 11. g4 Rc8 12. g5 Nh5 13. Rg1 Nxd4 14. Bxd4 O-O
15. Be3 b4 16. Na4 Bc6 17. Nb6 Rb8 18. Qf2 f5 19. e5 Qxe5 20. Nxd7 Bxd7 21.
Rxd7 Rf7 22. Bd4 Bc5 23. Bxe5 Bxf2 24. Rxf7 Rd8 25. Bd3 Kxf7 26. Rf1 Bd4 27.
Bc7 Rd7 28. Bb8 Ba7 29. Be5 Bd4 30. Bb8 Ba7 1/2-1/2

[Event "2BLN 2122 FC St. Pauli - SV Lingen"]
[Site "?"]
[Date "2022.04.30"]
[Round "3.6"]
[White "Ertan, Can"]
[Black "Gazic, Josip"]
[Result "1-0"]
[WhiteElo "2380"]
[BlackElo "2150"]
[PlyCount "108"]
[EventDate "2022.??.??"]

1. e4 g6 2. d4 Bg7 3. Nc3 d6 4. f4 e6 5. Nf3 Ne7 6. Be3 d5 7. Bd3 Nbc6 8. Qd2
dxe4 9. Bxe4 Nd5 10. O-O-O Nce7 11. h4 h5 12. Ne5 c6 13. Kb1 Nf5 14. Bf2 Bf8
15. a3 Be7 16. Rdg1 Nd6 17. Bd3 Qa5 18. Be1 Nf5 19. Nxd5 Qxd5 20. Bf2 b6 21.
Re1 Bb7 22. Be4 Qd6 23. g4 hxg4 24. h5 Rxh5 25. Rxh5 gxh5 26. Bxf5 exf5 27. Bh4
Bxh4 28. Nc4+ Qe6 29. Nd6+ Kd7 30. Rxe6 fxe6 31. Nxb7 Be7 32. c4 Rb8 33. d5
Rxb7 34. dxe6+ Kxe6 35. Qe1+ Kf7 36. Qh1 h4 37. Qxc6 Rb8 38. Qd7 Kf6 39. Qc7
Rg8 40. Qe5+ Kf7 41. Qxf5+ Ke8 42. Qh5+ Kf8 43. Qf5+ Ke8 44. Qe6 Kf8 45. f5 g3
46. f6 Bc5 47. f7 Rg5 48. Qe8+ Kg7 49. Qg8+ Kh6 50. f8=Q+ Bxf8 51. Qxf8+ Kh5
52. Qf3+ Rg4 53. Qg2 Rf4 54. Kc1 Kg6 1-0

[Event "2BLN 2122 FC St. Pauli - SV Lingen"]
[Site "?"]
[Date "2022.04.30"]
[Round "3.7"]
[White "Boehme, Arne"]
[Black "Voigt, Martin"]
[Result "1-0"]
[WhiteElo "2144"]
[BlackElo "2311"]
[PlyCount "101"]
[EventDate "2022.??.??"]

1. e4 c6 2. d4 d5 3. e5 c5 4. dxc5 e6 5. a3 Bxc5 6. Nf3 Ne7 7. Bd3 Ng6 8. O-O
O-O 9. Ng5 Be7 10. Qh5 Bxg5 11. Bxg5 Qb6 12. Nd2 Nd7 13. Nf3 Re8 14. Be3 Qc7
15. Bd4 Ndf8 16. Qg5 b6 17. h4 h6 18. Qe3 Ne7 19. g4 Nc6 20. b4 Bb7 21. Kg2 f6
22. b5 Nxd4 23. Qxd4 Nd7 24. Rae1 Rac8 25. g5 Qc3 26. gxf6 Qxd4 27. f7+ Kxf7
28. Nxd4 g5 29. f4 gxf4 30. Rxf4+ Ke7 31. Rg4 Rg8 32. Kh3 Rcf8 33. Re3 h5 34.
Rg6 Nc5 35. Rxg8 Rxg8 36. Rg3 Rf8 37. Rg7+ Rf7 38. Rxf7+ Kxf7 39. Kg3 a6 40.
Kf4 axb5 41. Kg5 Nxd3 42. cxd3 Ba6 43. Nc2 d4 44. Kxh5 b4 45. Nxb4 Bb5 46. Kg5
Ba4 47. h5 Kg7 48. h6+ Kh7 49. Na6 Bc2 50. Nc7 Bb3 51. Nb5 1-0

[Event "2BLN 2122 FC St. Pauli - SV Lingen"]
[Site "?"]
[Date "2022.04.30"]
[Round "3.8"]
[White "Mueller, Fabian"]
[Black "Miljkovic, Jovana"]
[Result "1-0"]
[WhiteElo "2342"]
[BlackElo "2053"]
[PlyCount "69"]
[EventDate "2022.??.??"]

1. d4 Nf6 2. c4 e6 3. Nf3 d5 4. Nc3 dxc4 5. e3 a6 6. Bxc4 b5 7. Bd3 Bb7 8. O-O
Nbd7 9. a4 b4 10. Nb1 c5 11. Nbd2 Qc7 12. Qe2 Be7 13. e4 cxd4 14. e5 Nd5 15.
Nb3 Nc5 16. Nxc5 Bxc5 17. Bd2 Ne7 18. Rfc1 Qa5 19. Be4 Bxe4 20. Qxe4 Rd8 21.
Rc4 O-O 22. Ng5 Ng6 23. h4 Rd5 24. Nf3 d3 25. Re1 Qb6 26. Rxc5 Qxc5 27. Bxb4
Qc2 28. h5 Nxe5 29. Nxe5 Rxe5 30. Qxe5 d2 31. Bxd2 Qxd2 32. Re4 h6 33. g3 Rc8
34. Rd4 Qc1+ 35. Kh2 1-0

[Event "2BLN 2122 SC Rotation Pankow - SK Norde"]
[Site "?"]
[Date "2022.05.01"]
[Round "4.3"]
[White "Ostrovskiy, Andrey"]
[Black "Dauth, Benjamin"]
[Result "1-0"]
[WhiteElo "2417"]
[BlackElo "2277"]
[PlyCount "77"]
[EventDate "2022.??.??"]

1. e4 e5 2. Nf3 Nc6 3. Bb5 a6 4. Ba4 Bc5 5. d3 Qf6 6. Be3 Nd4 7. Nbd2 b5 8. Bb3
d6 9. Bd5 Rb8 10. c3 Nxf3+ 11. Nxf3 Ne7 12. Bb3 Bg4 13. Qd2 Bxf3 14. Bg5 Qg6
15. gxf3 h6 16. Be3 Qg2 17. O-O-O Bxe3 18. Qxe3 Qg5 19. Rhg1 Qxe3+ 20. fxe3 g5
21. h4 f6 22. f4 gxf4 23. exf4 Rh7 24. Be6 b4 25. Rdf1 bxc3 26. bxc3 Rb6 27.
Kc2 a5 28. a4 c6 29. Rg2 d5 30. fxe5 fxe5 31. Rf6 Kd8 32. Bxd5 Kc7 33. Bc4 c5
34. Rxb6 Kxb6 35. Rf2 Kc7 36. Rf6 Nc8 37. Re6 Nb6 38. Rxe5 Nxa4 39. Kb3 1-0